Statistiques concernant 20 mots en "ment"

Cliquez ici pour prendre le quiz!

Statistiques générales

  • Ce quiz a été pris 245 fois
    (134 depuis la dernière actualisation)
  • Le résultat moyen est 9 sur 20

Statistiques - réponses

QuestionRéponse% Correct
Le paracétamolMédicament
97%
Comme un escargotDoucement / Lentement
82%
Doucement, maisSurement
80%
Cayenne, EspelettePiment
76%
Loading 70%Chargement
71%
A toute vitesseRapidement
71%
On les exprime afin que la relation évolueSentiment
69%
Indispensable pour construire une maison en briqueCiment
66%
C'est ......çaCarrément / Exactement / Complétement / Vraiment
50%
Sale gaminGarnement
48%
Déménager fait office deChangement
42%
BTS _ _ _ _ _ _ _ _ _ _ des Unités CommercialesManagement
31%
Durant une épreuve, il faut tenirMentalement
27%
Mais aussi (en lien avec le précédent)Physiquement
26%
1er moi, 2eme toi, et 3eme luiClassement
25%
Fait exprèsVolontairement
25%
ImmensémentEnormément / Démesurément
21%
On le fait tous au moins une foisMentir
17%
Dentifrice ou chewing gumMenthol
10%
On le fait tous les jours, presque innéHabituellement
7%

Distribution des résultats

Percentile par nombre de réponses

% des personnes avec chaque résultat

Votre développement - résultats

Vous n’avez pas pris ce quiz depuis la dernière actualisation